000 004450000a22001690004500
003 MACL
005 20160105163923.0
008 160105b xxu||||| |||| 00| 0 eng d
040 _aMACL
_cMACL
041 _aEnglish
082 _a823/HEN
100 _aHenty, G A
_928270
245 _aCaptain Bayey's Heir
_ba tale of the gold fields of california
260 _bBlackie & Son
_c1889
_aLondon
650 _aNovel
_9153
942 _cBK
_k823/HEN
_2ddc
999 _c36441
_d36441